Hydrological data : streamflow records, 1941-1960

Bibliographic Details
Corporate Author: MALAYSIA
Format: Book
Published: Kuala Lumpur : Lai Than Fong Press , (196_)
Subjects:

MARC

LEADER 00000cam a2200000 7i4500
001 0000001647
005 20010904.0
090 0 0 |a 551.48309595   |b MAL (196 _) 
110 1 0 |a MALAYSIA   |c Drainage & Irrigation Department 
245 1 0 |a Hydrological data :   |b streamflow records, 1941-1960 
260 0 0 |a Kuala Lumpur :   |b Lai Than Fong Press ,   |c (196_) 
300 |a xii, 394 p. :   |b folded map, tables ;   |c 26 cm. 
650 0 0 |a Hydrology   |x Research   |z Malaysia 
998 |a JPSM 
999 |a 0000002766   |b Monograph   |c Open Shelf   |e Default branch 
999 |a 0000002920   |b Monograph   |c Open Shelf   |e Default branch